| 000 | 00531nam a22001817a 4500 | ||
|---|---|---|---|
| 008 | 150612b xxu||||| |||| 00| 0 eng d | ||
| 041 | 0 | _aeng | |
| 080 | _a33 | ||
| 100 |
_aThubron, Colin, _d1939- |
||
| 245 | 0 | 0 | _aJerusalem / |
| 260 |
_aAmsterdam : _bTime-Life Books, _cc1976. |
||
| 300 |
_a200 f. : _bme il. : _c31 cm. |
||
| 490 | _aThe Great cities | ||
| 505 | _aIndex: f. 199-200 | ||
| 650 | 0 | _aJerusalem | |
| 650 | 0 | _aJeruzalemi | |
| 942 |
_2udc _cBK |
||
| 999 |
_c1046 _d1046 |
||